000
00277nam a2200133Ia 4500
100
_a
Smith/R.J
942
_c
BK
654
_a
devices
245
_a
Electronics circuits & devices
260
_b
John wiley
_a
New York
_c
1987
300
_a
476
546
_a
ENGLISH
999
_c
32131
_d
32131